[Event "BL 1819 SC Viernheim - Hamburger SK"]
[Site "?"]
[Date "2019.02.03"]
[Round "8.7"]
[White "Engel, Luis"]
[Black "Meinhardt, Maximilian"]
[Result "1-0"]
[WhiteElo "2472"]
[BlackElo "2386"]
[PlyCount "85"]
[EventDate "2019.??.??"]

1. e4 e6 2. d4 d5 3. Nd2 h6 4. Bd3 c5 5. dxc5 Bxc5 6. Ngf3 Nc6 7. O-O Nge7 8.
a3 a5 9. b3 O-O 10. Bb2 Ng6 11. g3 e5 12. exd5 Qxd5 13. Bc4 Qd8 14. Ne4 Be7 15.
Bd5 Bg4 16. c4 Kh8 17. Qd3 f5 18. Ned2 e4 19. Qe3 Bf6 20. Nd4 Bg5 21. f4 exf3
22. Qf2 Re8 23. Rfe1 Nge5 24. Nxc6 bxc6 25. Rxe5 Rxe5 26. Bxe5 cxd5 27. Nxf3
Bf6 28. Rd1 Bxf3 29. Bxf6 Qxf6 30. Qxf3 Rb8 31. cxd5 Qb6+ 32. Kg2 Qxb3 33. Qxb3
Rxb3 34. d6 Rb8 35. Kf3 Kg8 36. d7 Rd8 37. Kf4 Kf7 38. Kxf5 g6+ 39. Ke5 Ke7 40.
h4 a4 41. g4 g5 42. h5 Ra8 43. d8=Q+ 1-0

[Event "BL 1819 SC Viernheim - Hamburger SK"]
[Site "?"]
[Date "2019.02.03"]
[Round "8.8"]
[White "Heinemann, Josefine"]
[Black "Carlstedt, Jonathan"]
[Result "1/2-1/2"]
[WhiteElo "2304"]
[BlackElo "2412"]
[PlyCount "202"]
[EventDate "2019.??.??"]

1. e4 Nf6 2. e5 Nd5 3. d4 d6 4. c4 Nb6 5. exd6 cxd6 6. Nc3 g6 7. Be3 Bg7 8. Rc1
O-O 9. b3 e5 10. dxe5 dxe5 11. Qxd8 Rxd8 12. c5 N6d7 13. Bc4 e4 14. Nxe4 Ne5
15. Nf3 Nxc4 16. Rxc4 Be6 17. Rc1 Nc6 18. O-O Nb4 19. a3 Na2 20. Rb1 Bf5 21.
Nfd2 Nc3 22. Nxc3 Bxc3 23. Nf3 Bxb1 24. Rxb1 Bb2 25. Kf1 Bxa3 26. b4 a5 27.
bxa5 Rxa5 28. Rxb7 Bxc5 29. Bxc5 Rxc5 30. g3 Rc2 31. Rb4 Rd1+ 32. Kg2 Kg7 33.
h4 h5 34. Rb7 Rd5 35. Ng5 Rf5 36. Nh3 Kf6 37. Rb6+ Ke7 38. Ra6 Rd5 39. Ra7+ Rd7
40. Ra6 f6 41. Ra5 Rb2 42. Ra8 Rc7 43. Ra6 Rd2 44. Ra5 Rb7 45. Nf4 Rbb2 46. Nh3
Ra2 47. Rb5 Rdb2 48. Rd5 Re2 49. Rb5 Re5 50. Rb7+ Ke6 51. Rg7 Kf5 52. Rg8 Re4
53. Nf4 Rd4 54. Nh3 Ra5 55. Nf4 Rd2 56. Nh3 Rad5 57. Nf4 Rb5 58. Nh3 Rd7 59.
Nf4 Rb4 60. Nh3 Rbb7 61. Ra8 Re7 62. Rc8 Rb5 63. Rg8 Ke6 64. Nf4+ Kf7 65. Rh8
Kg7 66. Ra8 Rd7 67. Ra6 Kf7 68. Rc6 Rf5 69. Rc2 Re7 70. Ra2 Kg7 71. Rb2 Kh7 72.
Ra2 Rd7 73. Rb2 Rd6 74. Rb7+ Kh6 75. Rb8 Rd2 76. Rb6 Kh7 77. Rb7+ Kg8 78. Rb8+
Kf7 79. Rb7+ Ke8 80. Rb8+ Kd7 81. Rb7+ Kc6 82. Rh7 g5 83. hxg5 fxg5 84. Rxh5
Rb5 85. Ne6 Rdd5 86. g4 Kd6 87. Rh6 Kd7 88. Ng7 Rb4 89. Nf5 Rxg4+ 90. Ng3 Ke7
91. Ra6 Rf4 92. Ra2 g4 93. Rb2 Kf6 94. Re2 Kg5 95. Ra2 Kh4 96. Rb2 Rfd4 97. Rb8
Rd8 98. Rb5 R4d5 99. Rb7 R8d7 100. Rb8 Rd8 101. Rb7 R8d7 1/2-1/2

[Event "BL 1819 OSG Baden-Baden - SV 1920 Hofhe"]
[Site "?"]
[Date "2019.02.03"]
[Round "8.4"]
[White "Bacrot, Etienne"]
[Black "Womacka, Mathias"]
[Result "1/2-1/2"]
[WhiteElo "2684"]
[BlackElo "2444"]
[PlyCount "57"]
[EventDate "2019.??.??"]

1. e4 c5 2. Nf3 d6 3. d4 cxd4 4. Nxd4 Nf6 5. Nc3 a6 6. g3 e5 7. Nde2 Be7 8. Bg2
Nbd7 9. a4 b6 10. Nd5 Nxd5 11. Qxd5 Rb8 12. Nc3 Nf6 13. Qd3 h6 14. O-O O-O 15.
b3 Qc7 16. Bb2 Qb7 17. Nd1 b5 18. axb5 axb5 19. Ne3 Be6 20. Ra5 Ng4 21. Nf5
Bxf5 22. exf5 Qb6 23. b4 d5 24. Qe2 Nf6 25. c3 e4 26. Rd1 Qc6 27. Bf1 Qd7 28.
Rxb5 Qxf5 29. Rxb8 1/2-1/2

[Event "BL 1819 OSG Baden-Baden - SV 1920 Hofhe"]
[Site "?"]
[Date "2019.02.03"]
[Round "8.5"]
[White "Lobzhanidze, Davit"]
[Black "Kasimdzhanov, Rustam"]
[Result "0-1"]
[WhiteElo "2425"]
[BlackElo "2659"]
[PlyCount "82"]
[EventDate "2019.??.??"]

1. e4 c5 2. Nf3 Nc6 3. Nc3 d6 4. d4 cxd4 5. Nxd4 Nf6 6. Bg5 e6 7. Qd2 a6 8.
O-O-O Bd7 9. f3 Nxd4 10. Qxd4 h6 11. Be3 Bc6 12. e5 dxe5 13. Qxe5 Qb8 14. Qxb8+
Rxb8 15. Bd3 Be7 16. Rhe1 O-O 17. Bf4 Rbd8 18. Bf1 Rxd1+ 19. Rxd1 Rc8 20. Bd3
Kf8 21. a3 Ke8 22. Re1 h5 23. Ne4 Nxe4 24. Bxe4 g5 25. Bxc6+ Rxc6 26. Bd2 g4
27. Re3 b5 28. Rc3 gxf3 29. gxf3 Kd7 30. Rxc6 Kxc6 31. Kd1 Kd5 32. Ke2 e5 33.
Kd3 f5 34. Bc1 a5 35. b3 e4+ 36. fxe4+ fxe4+ 37. Ke2 a4 38. Bb2 Bd8 39. h3 Bb6
40. Bc1 Ke5 41. Be3 Bxe3 0-1

[Event "BL 1819 OSG Baden-Baden - SV 1920 Hofhe"]
[Site "?"]
[Date "2019.02.03"]
[Round "8.6"]
[White "Movsesian, Sergei"]
[Black "Margolin, Boris"]
[Result "1-0"]
[WhiteElo "2629"]
[BlackElo "2389"]
[PlyCount "57"]
[EventDate "2019.??.??"]

1. e4 e6 2. d4 d5 3. Nd2 Be7 4. c3 b6 5. e5 Nh6 6. Ndf3 Nf5 7. h4 h5 8. Bd3 a5
9. Bxf5 exf5 10. Bg5 f6 11. Bf4 Be6 12. Nh3 Nd7 13. O-O Nf8 14. Re1 Qd7 15. Qe2
Bg8 16. Qd3 Ng6 17. Re2 Kf8 18. Rae1 Bh7 19. exf6 gxf6 20. Bh6+ Kf7 21. Nhg5+
Kg8 22. Ne6 Re8 23. Ng7 Rc8 24. Nxf5 Bf8 25. Re6 Bxh6 26. Nxh6+ Kg7 27. Nf5+
Kf7 28. Qe3 Bg8 29. Ng5+ 1-0

[Event "BL 1819 OSG Baden-Baden - SV 1920 Hofhe"]
[Site "?"]
[Date "2019.02.03"]
[Round "8.7"]
[White "Burkart, Patrick"]
[Black "Gustafsson, Jan"]
[Result "1/2-1/2"]
[WhiteElo "2314"]
[BlackElo "2643"]
[PlyCount "68"]
[EventDate "2019.??.??"]

1. d4 Nf6 2. Nf3 d5 3. c4 e6 4. e3 b6 5. Nc3 Bd6 6. Bd3 Bb7 7. Qc2 c5 8. cxd5
exd5 9. b3 O-O 10. O-O Re8 11. Bb2 Nbd7 12. Rfd1 a6 13. Rac1 Rc8 14. Qe2 b5 15.
dxc5 Nxc5 16. Bf5 Rb8 17. Nd4 Qb6 18. Qf3 Ne6 19. Qh3 Nxd4 20. exd4 g6 21. Bd3
Re6 22. Re1 Rbe8 23. Rxe6 Rxe6 24. Qh4 Qc7 25. Nxb5 Qa5 26. Nxd6 Rxd6 27. Qf4
Re6 28. Qb8+ Kg7 29. Qxb7 Qd2 30. Bf1 Qxb2 31. Rc7 Qxd4 32. Rxf7+ Kh6 33. Qa7
Qa1 34. Re7 Rxe7 1/2-1/2

[Event "BL 1819 MSA Zugzwang - SV Mülheim Nord"]
[Site "?"]
[Date "2019.02.03"]
[Round "8.1"]
[White "Landa, Konstantin"]
[Black "Mons, Leon"]
[Result "1-0"]
[WhiteElo "2616"]
[BlackElo "2544"]
[PlyCount "127"]
[EventDate "2019.??.??"]

1. d4 Nf6 2. c4 e6 3. Nc3 Bb4 4. g3 O-O 5. Bg2 d5 6. Nf3 dxc4 7. O-O Nc6 8. Qa4
Nd5 9. Qc2 Be7 10. Rd1 Ncb4 11. Qd2 c5 12. a3 Nc6 13. Qc2 cxd4 14. Nxd4 Qb6 15.
Nf5 Nxc3 16. Nxe7+ Nxe7 17. Qxc3 Nd5 18. Qxc4 Bd7 19. Qd4 Qxd4 20. Rxd4 Bc6 21.
e4 Nb6 22. Be3 Rfd8 23. Rad1 Rxd4 24. Rxd4 Kf8 25. f3 Ke7 26. Bf1 Rc8 27. Rb4
Rd8 28. Bc5+ Kd7 29. Rd4+ Kc7 30. Rxd8 Kxd8 31. Kf2 Nd7 32. Bd6 Nf6 33. Ke3 Ne8
34. Bf8 Kd7 35. Bd3 f6 36. h4 g6 37. g4 Nd6 38. Bg7 Ne8 39. Bh8 Ke7 40. g5 Kf7
41. f4 b6 42. Bb1 Ke7 43. Kd4 Bb7 44. gxf6+ Nxf6 45. f5 Ng4 46. fxg6 hxg6 47.
Be5 Nf6 48. Bb8 Nd7 49. Bc7 Bc6 50. Bc2 Bb7 51. b4 b5 52. a4 bxa4 53. Bxa4 Nf6
54. Bc2 Nd7 55. Bd3 Bc6 56. e5 Kf7 57. Ke3 Kg7 58. Kf4 Nb6 59. Bxb6 axb6 60.
Kg5 Be8 61. Be4 Bf7 62. Bc6 Bg8 63. Be8 Bh7 64. b5 1-0

[Event "BL 1819 MSA Zugzwang - SV Mülheim Nord"]
[Site "?"]
[Date "2019.02.03"]
[Round "8.2"]
[White "Kindermann, Stefan"]
[Black "Tregubov, Pavel V"]
[Result "1/2-1/2"]
[WhiteElo "2494"]
[BlackElo "2592"]
[PlyCount "41"]
[EventDate "2019.??.??"]

1. e4 c5 2. d3 Nc6 3. f4 d5 4. Be2 g6 5. Nf3 Bg7 6. O-O Bg4 7. c3 e6 8. Nbd2
Nge7 9. Qe1 h6 10. h3 Bxf3 11. Nxf3 O-O 12. Qf2 Rc8 13. g4 f5 14. gxf5 gxf5 15.
e5 d4 16. c4 Ng6 17. Bd2 Kh7 18. Kh1 Rg8 19. Rg1 Bf8 20. Rg2 Be7 21. Rag1
1/2-1/2

[Event "BL 1819 MSA Zugzwang - SV Mülheim Nord"]
[Site "?"]
[Date "2019.02.03"]
[Round "8.3"]
[White "Fridman, Daniel"]
[Black "Bromberger, Stefan"]
[Result "1/2-1/2"]
[WhiteElo "2631"]
[BlackElo "2477"]
[PlyCount "106"]
[EventDate "2019.??.??"]

1. Nf3 d5 2. g3 Bg4 3. Bg2 e6 4. O-O Bd6 5. c4 c6 6. d4 Nd7 7. Qb3 Rb8 8. Nc3
Ngf6 9. e4 Nxe4 10. Nxe4 dxe4 11. Ng5 Nf6 12. Nxe4 Nxe4 13. Bxe4 Qf6 14. Be3
O-O 15. Qd3 Bf5 16. Bxf5 exf5 17. Qd2 f4 18. Bxf4 Bxf4 19. Qxf4 Qxf4 20. gxf4
Rbd8 21. Rad1 Rfe8 22. Rfe1 Rxe1+ 23. Rxe1 Kf8 24. Rd1 Re8 25. d5 Re4 26. dxc6
bxc6 27. Rd8+ Ke7 28. Ra8 Rxc4 29. Rxa7+ Kf6 30. b3 Rc2 31. Kg2 c5 32. Kf3 g6
33. Ra5 h5 34. h3 h4 35. a4 Rc3+ 36. Kg4 Rxb3 37. Rxc5 Rb4 38. a5 Ra4 39. Rc6+
Kg7 40. a6 Kh6 41. Rf6 Kg7 42. Rb6 Kh6 43. Rf6 Kg7 44. Rb6 Kh6 45. Rc6 f5+ 46.
Kxh4 Rxf4+ 47. Kg3 Ra4 48. h4 Rg4+ 49. Kh3 Kh5 50. a7 Rxh4+ 51. Kg3 Rg4+ 52.
Kf3 Ra4 53. Rc7 g5 1/2-1/2

[Event "BL 1819 MSA Zugzwang - SV Mülheim Nord"]
[Site "?"]
[Date "2019.02.03"]
[Round "8.4"]
[White "Raykhman, Alexander"]
[Black "Beerdsen, Thomas"]
[Result "1/2-1/2"]
[WhiteElo "2382"]
[BlackElo "2484"]
[PlyCount "48"]
[EventDate "2019.??.??"]

1. d4 Nf6 2. c4 e6 3. Nf3 Bb4+ 4. Bd2 c5 5. Bxb4 cxb4 6. a3 bxa3 7. Rxa3 O-O 8.
Nc3 d6 9. e3 b6 10. Be2 Bb7 11. O-O a5 12. b4 axb4 13. Rxa8 Bxa8 14. Na2 Nc6
15. Qb1 d5 16. Nxb4 dxc4 17. Bxc4 Nxb4 18. Qxb4 Bxf3 19. gxf3 Nd5 20. Bxd5 Qxd5
21. Qxb6 Qxf3 22. Rc1 Qg4+ 23. Kh1 Qf3+ 24. Kg1 Qg4+ 1/2-1/2

[Event "BL 1819 MSA Zugzwang - SV Mülheim Nord"]
[Site "?"]
[Date "2019.02.03"]
[Round "8.5"]
[White "Vrolijk, Liam"]
[Black "Schramm, Christian"]
[Result "1-0"]
[WhiteElo "2433"]
[BlackElo "2367"]
[PlyCount "83"]
[EventDate "2019.??.??"]

1. Nf3 Nf6 2. c4 c5 3. Nc3 e6 4. d4 cxd4 5. Nxd4 a6 6. e4 Qc7 7. a3 b6 8. Be2
Bb7 9. f3 Nc6 10. Be3 Ne5 11. Rc1 d6 12. O-O Be7 13. Qd2 O-O 14. b4 Rac8 15.
Na4 Rfe8 16. Rfd1 Ned7 17. Nb3 Qb8 18. Nxb6 Nxb6 19. Bxb6 Bxe4 20. Bf2 Bc6 21.
Rb1 Ba4 22. Rdc1 Nd7 23. Nd4 Ne5 24. c5 Bb5 25. f4 Ng6 26. Nxb5 axb5 27. c6 Bd8
28. Qd4 e5 29. fxe5 Rxe5 30. Bg4 f5 31. Bf3 Bc7 32. Kh1 Rce8 33. a4 Kh8 34. Rd1
bxa4 35. h4 Rb5 36. Qd2 Qd8 37. h5 Nh4 38. Bd5 f4 39. Qxf4 Re5 40. Bxh4 Rxh5
41. g3 Qa8 42. Rf1 1-0

[Event "BL 1819 MSA Zugzwang - SV Mülheim Nord"]
[Site "?"]
[Date "2019.02.03"]
[Round "8.6"]
[White "Gerigk, Erasmus"]
[Black "Hausrath, Daniel"]
[Result "1/2-1/2"]
[WhiteElo "2344"]
[BlackElo "2471"]
[PlyCount "41"]
[EventDate "2019.??.??"]

1. e4 c6 2. c4 d5 3. cxd5 cxd5 4. exd5 Nf6 5. Nc3 Nxd5 6. d4 Nxc3 7. bxc3 g6 8.
Nf3 Bg7 9. Bb5+ Bd7 10. a4 Qc7 11. Bd2 Nc6 12. O-O O-O 13. Re1 a6 14. Bd3 Rac8
15. Rb1 e6 16. Be4 b6 17. Bd3 Ra8 18. Qe2 Ne7 19. Bxa6 Bxa4 20. Ne5 Nc6 21.
Nxc6 1/2-1/2

[Event "BL 1819 MSA Zugzwang - SV Mülheim Nord"]
[Site "?"]
[Date "2019.02.03"]
[Round "8.7"]
[White "Zelbel, Patrick"]
[Black "Eichler, Christoph"]
[Result "1-0"]
[WhiteElo "2434"]
[BlackElo "2304"]
[PlyCount "157"]
[EventDate "2019.??.??"]

1. e4 e5 2. Nf3 Nc6 3. Bc4 Nf6 4. Ng5 d5 5. exd5 Na5 6. Bb5+ c6 7. dxc6 bxc6 8.
Be2 h6 9. Nh3 Bc5 10. O-O O-O 11. d3 Re8 12. Nc3 Nb7 13. Kh1 Bxh3 14. gxh3 Nd5
15. Bf3 Qd7 16. Bg2 Rad8 17. Nxd5 cxd5 18. Be3 d4 19. Bd2 Nd6 20. Rg1 Kh8 21.
Qh5 Qf5 22. Qh4 e4 23. Rae1 exd3 24. cxd3 Rxe1 25. Rxe1 Bb6 26. Qg3 Qf6 27. Qf4
Qxf4 28. Bxf4 Kg8 29. Bc6 g5 30. Be5 Nf5 31. f4 f6 32. Be4 fxe5 33. Bxf5 exf4
34. Kg2 Rd6 35. Kf3 Kf7 36. Be4 Rd7 37. Kg4 Rc7 38. Bd5+ Kg7 39. Bc4 Bc5 40.
Re6 Re7 41. Rc6 Bb6 42. Kh5 Re2 43. Rxh6 Rxh2 44. Rg6+ Kf8 45. Kxg5 Rg2+ 46.
Kh5 Rxg6 47. Kxg6 f3 48. Bd5 f2 49. Bg2 Ba5 50. Kf6 Bc3 51. b3 a5 52. Bf1 Bb2
53. Be2 Kg8 54. Kg6 Kf8 55. h4 Kg8 56. Bf1 Bc3 57. Bg2 Bb2 58. Bh3 Bc3 59. Bf1
Bb2 60. Be2 Bc3 61. Kf6 Kh7 62. Ke5 Kg6 63. Kd5 f1=R 64. Bxf1 Kh5 65. Kc5 Kxh4
66. a3 Bb2 67. Kb5 Bxa3 68. Kxa5 Kg3 69. b4 Kf2 70. Bh3 Ke3 71. Bf5 Kf4 72. Be4
Ke5 73. b5 Kd6 74. b6 Kd7 75. Ka6 Kc8 76. Ka7 Bc5 77. Bf5+ Kd8 78. Kb7 Bd6 79.
Ka8 1-0

[Event "BL 1819 MSA Zugzwang - SV Mülheim Nord"]
[Site "?"]
[Date "2019.02.03"]
[Round "8.8"]
[White "Lammers, Markus"]
[Black "Dinstuhl, Volkmar"]
[Result "1-0"]
[WhiteElo "2311"]
[BlackElo "2385"]
[PlyCount "169"]
[EventDate "2019.??.??"]

1. Nf3 c5 2. c4 Nc6 3. Nc3 e5 4. g3 g6 5. Bg2 Bg7 6. a3 a5 7. O-O d6 8. d3 Nge7
9. Ne1 Be6 10. Nc2 d5 11. cxd5 Nxd5 12. Ne4 b6 13. Ng5 Bc8 14. Ne3 Nde7 15. Nc4
O-O 16. f4 f6 17. Ne4 Rb8 18. fxe5 Nxe5 19. Nxe5 fxe5 20. Qb3+ Kh8 21. Rxf8+
Qxf8 22. Bd2 Nf5 23. Rf1 Qe8 24. h3 Be6 25. Qd1 Qd7 26. g4 Nd4 27. Ng5 Bg8 28.
Be4 Qe7 29. Kh1 Rf8 30. Kg2 Ne6 31. Nxe6 Bxe6 32. Rxf8+ Qxf8 33. Qa4 Qd8 34.
Qc6 Bg8 35. Bc3 Bf6 36. b4 axb4 37. axb4 cxb4 38. Bxb4 Kg7 39. Bd6 Bf7 40. Bc7
Qd4 41. Bxb6 Qb2 42. Bf3 h5 43. Ba5 hxg4 44. hxg4 Qa3 45. Bc3 Qc1 46. Qc5 Qf4
47. Qc7 Qe3 48. Qd6 Bb3 49. Be1 Ba2 50. Bf2 Qd2 51. Qc7+ Kh8 52. Qb8+ Kg7 53.
Qa7+ Kh8 54. Be3 Qc2 55. Bh6 e4 56. dxe4 Be5 57. Qa5 Qb2 58. Bc1 Qa1 59. Qa3
Kh7 60. Qe7+ Bg7 61. Bf4 Kh8 62. e5 Qd4 63. Bg3 Qe3 64. Qd8+ Kh7 65. Qh4+ Kg8
66. Qd8+ Kh7 67. Qd3 Qg5 68. Qa6 Bb3 69. Qb6 Ba2 70. Qd6 Qe3 71. Qa6 Bb3 72.
Qd3 Qb6 73. Qd6 Qe3 74. Qd3 Qb6 75. Bd5 Ba4 76. Qe4 Be8 77. e6 Qc5 78. Bf2 Qc3
79. Be3 Qe1 80. Qf3 Qd1 81. Bc4 Qc2 82. Bd5 Qd1 83. e7 Be5 84. Qh3+ Kg7 85.
Qh6+ 1-0

[Event "BL 1819 BCA Augsburg - SV Werder Bremen"]
[Site "?"]
[Date "2019.02.03"]
[Round "8.1"]
[White "Fressinet, Laurent"]
[Black "Kulaots, Kaido"]
[Result "1/2-1/2"]
[WhiteElo "2655"]
[BlackElo "2555"]
[PlyCount "118"]
[EventDate "2019.??.??"]

1. Nf3 Nf6 2. c4 g6 3. Nc3 d5 4. cxd5 Nxd5 5. h4 Bg7 6. e4 Nxc3 7. dxc3 Qxd1+
8. Kxd1 Nd7 9. h5 O-O 10. hxg6 hxg6 11. Kc2 Ne5 12. Nxe5 Bxe5 13. Bc4 Bd7 14.
Be3 Ba4+ 15. b3 Bc6 16. f3 Rfd8 17. a4 a6 18. a5 Rd7 19. Rh6 e6 20. Rah1 Bg7
21. R6h3 Bb5 22. Bd4 Bxd4 23. cxd4 Kg7 24. e5 Rg8 25. Kc3 Bc6 26. Rh7+ Kf8 27.
R1h4 Rg7 28. R7h6 Rd8 29. Rh8+ Rg8 30. Kb4 Ke7 31. Rxg8 Rxg8 32. Kc5 Rd8 33.
Rh1 Bd5 34. Rc1 Bc6 35. Rc3 Bd5 36. Rc2 g5 37. Rc1 g4 38. Rf1 Bc6 39. fxg4 Bxg2
40. Rf4 Rg8 41. Kb4 Bc6 42. Kc5 Bg2 43. Be2 Bd5 44. Kb4 Rh8 45. Bc4 Rh3 46. Kc5
Bg2 47. Kb4 Rg3 48. Be2 Bd5 49. Bd1 b6 50. Bc2 bxa5+ 51. Kxa5 Bxb3 52. Bh7 Rh3
53. Bg8 Rh8 54. Rxf7+ Ke8 55. Rf3 Rxg8 56. Rxb3 Rxg4 57. Rb4 Kd7 58. Rc4 Rg1
59. Kxa6 Rb1 1/2-1/2

[Event "BL 1819 BCA Augsburg - SV Werder Bremen"]
[Site "?"]
[Date "2019.02.03"]
[Round "8.2"]
[White "Prusikin, Michael"]
[Black "Efimenko, Zahar"]
[Result "1/2-1/2"]
[WhiteElo "2517"]
[BlackElo "2635"]
[PlyCount "50"]
[EventDate "2019.??.??"]

1. e4 e5 2. Nf3 Nc6 3. d4 exd4 4. Nxd4 Nf6 5. Nc3 Bb4 6. Nxc6 bxc6 7. Bd3 O-O
8. O-O d5 9. exd5 cxd5 10. h3 Rb8 11. Qf3 c6 12. Bf4 Bd6 13. b3 Qc7 14. Ne2 c5
15. Bxd6 Qxd6 16. Rad1 Bb7 17. Nf4 Rfe8 18. Nh5 Nxh5 19. Qxh5 g6 20. Qh4 d4 21.
Rfe1 Kg7 22. Qg5 h6 23. Qd2 Qf6 24. Bf1 Rbd8 25. Rxe8 Rxe8 1/2-1/2

[Event "BL 1819 BCA Augsburg - SV Werder Bremen"]
[Site "?"]
[Date "2019.02.03"]
[Round "8.3"]
[White "Edouard, Romain"]
[Black "Arnaudov, G. Petar"]
[Result "1-0"]
[WhiteElo "2643"]
[BlackElo "2468"]
[PlyCount "75"]
[EventDate "2019.??.??"]

1. Nf3 Nf6 2. c4 e6 3. Nc3 Bb4 4. g3 d5 5. Qa4+ Nc6 6. Ne5 a5 7. Nxc6 bxc6 8.
Bg2 O-O 9. O-O Ba6 10. d3 dxc4 11. dxc4 Rb8 12. Bf4 Qe7 13. Qxc6 e5 14. Bg5 Qe6
15. Qxe6 fxe6 16. Nb5 Bxb5 17. cxb5 Rxb5 18. Rac1 Bd6 19. b3 Rfb8 20. Bd2 Nd5
21. Rc4 R8b7 22. Rfc1 Bb4 23. R1c2 Bxd2 24. Rxd2 Ra7 25. Rc6 a4 26. Bh3 axb3
27. axb3 Kf8 28. Bxe6 Nf6 29. Bc4 Rb6 30. Rxb6 cxb6 31. Rd8+ Ke7 32. Rb8 Nd7
33. Rg8 Kf6 34. Re8 Ra1+ 35. Kg2 Rc1 36. g4 Nc5 37. Rf8+ Kg6 38. Rf5 1-0

[Event "BL 1819 BCA Augsburg - SV Werder Bremen"]
[Site "?"]
[Date "2019.02.03"]
[Round "8.4"]
[White "Rozentalis, Eduardas"]
[Black "Hracek, Zbynek"]
[Result "1/2-1/2"]
[WhiteElo "2526"]
[BlackElo "2563"]
[PlyCount "41"]
[EventDate "2019.??.??"]

1. e4 c5 2. Nf3 d6 3. Bb5+ Bd7 4. c4 Nf6 5. Nc3 g6 6. Bxd7+ Nbxd7 7. O-O Bg7 8.
d4 cxd4 9. Nxd4 O-O 10. b3 e6 11. Re1 d5 12. exd5 exd5 13. Ba3 Re8 14. Rxe8+
Qxe8 15. cxd5 Qe5 16. Rc1 Nxd5 17. Nxd5 Qxd5 18. Ne2 Nf6 19. Qxd5 Nxd5 20. Rd1
Nf6 21. Kf1 1/2-1/2

[Event "BL 1819 BCA Augsburg - SV Werder Bremen"]
[Site "?"]
[Date "2019.02.03"]
[Round "8.5"]
[White "Nyback, Tomi"]
[Black "Nestorovic, Nikola"]
[Result "1/2-1/2"]
[WhiteElo "2569"]
[BlackElo "2460"]
[PlyCount "91"]
[EventDate "2019.??.??"]

1. d4 Nf6 2. c4 e6 3. g3 c5 4. d5 exd5 5. cxd5 d6 6. Nc3 g6 7. Bg2 Bg7 8. Nf3
O-O 9. O-O Re8 10. Bf4 Bf5 11. Nh4 Bc8 12. Qd2 a6 13. a4 Qe7 14. h3 Nh5 15. Bg5
Qf8 16. e4 Nd7 17. Nf3 Rb8 18. Qc2 b5 19. axb5 axb5 20. Rfe1 Ne5 21. Nxe5 Bxe5
22. Qd2 Bg7 23. Ra5 b4 24. Nb5 h6 25. Be3 Bd7 26. Na7 Ra8 27. Rea1 f5 28. exf5
gxf5 29. Nc6 Rxa5 30. Rxa5 f4 31. gxf4 Qf6 32. Ra7 Bf5 33. b3 Qh4 34. Qa2 Nxf4
35. Ne7+ Rxe7 36. Rxe7 Qxe7 37. Bxf4 Qe1+ 38. Kh2 Be5 39. Bg3 Bxg3+ 40. fxg3
Qe5 41. Qa8+ Kf7 42. Qb7+ Qe7 43. Qb5 Qe5 44. Qb7+ Qe7 45. Qb5 Qe5 46. Qb7+
1/2-1/2

[Event "BL 1819 BCA Augsburg - SV Werder Bremen"]
[Site "?"]
[Date "2019.02.03"]
[Round "8.6"]
[White "Stankovic, Milos"]
[Black "Spoelman, Wouter"]
[Result "1/2-1/2"]
[WhiteElo "2444"]
[BlackElo "2578"]
[PlyCount "44"]
[EventDate "2019.??.??"]

1. e4 c5 2. Nf3 e6 3. d4 cxd4 4. Nxd4 Nc6 5. Nc3 Qc7 6. f4 a6 7. Nxc6 bxc6 8.
Bd3 d5 9. O-O Nf6 10. Kh1 Be7 11. Qf3 O-O 12. Bd2 Bb7 13. Qh3 g6 14. f5 exf5
15. exf5 c5 16. fxg6 fxg6 17. Bf4 Qd7 18. Qxd7 Nxd7 19. Rad1 Rae8 20. Be2 Bf6
21. Bg4 Ne5 22. Bxe5 Bxe5 1/2-1/2

[Event "BL 1819 BCA Augsburg - SV Werder Bremen"]
[Site "?"]
[Date "2019.02.03"]
[Round "8.7"]
[White "Babula, Vlastimil"]
[Black "Schmittdiel, Eckhard"]
[Result "1-0"]
[WhiteElo "2546"]
[BlackElo "2435"]
[PlyCount "87"]
[EventDate "2019.??.??"]

1. d4 e6 2. c4 f5 3. g3 Nf6 4. Bg2 Bb4+ 5. Nd2 O-O 6. Ngf3 d5 7. O-O c6 8. Qc2
Ne4 9. Ne1 b5 10. cxb5 cxb5 11. Nd3 Bd6 12. Nb3 Bb7 13. f3 Nf6 14. Nbc5 Bxc5
15. Nxc5 Qb6 16. Bf4 Na6 17. Rac1 Rac8 18. Qd3 Nxc5 19. dxc5 Qa5 20. a3 Bc6 21.
Qd4 Rf7 22. Rc3 Re8 23. Re3 Qa4 24. b4 a5 25. Be5 Nd7 26. Bd6 axb4 27. axb4 e5
28. Qb2 Qa8 29. Bxe5 Rfe7 30. f4 Nxe5 31. fxe5 g6 32. Qd4 Re6 33. Bf3 h5 34.
Bxh5 gxh5 35. Rxf5 Rg6 36. Rxh5 Qa2 37. e6 Qb1+ 38. Kg2 Rg7 39. Ree5 Qg6 40. e7
Qf6 41. Rh8+ Kf7 42. Rf8+ Rxf8 43. exf8=Q+ Kxf8 44. Re8+ 1-0

[Event "BL 1819 BCA Augsburg - SV Werder Bremen"]
[Site "?"]
[Date "2019.02.03"]
[Round "8.8"]
[White "Kukov, Velislav"]
[Black "Zumsande, Martin"]
[Result "0-1"]
[WhiteElo "2354"]
[BlackElo "2490"]
[PlyCount "80"]
[EventDate "2019.??.??"]

1. d4 d5 2. Bf4 Nf6 3. e3 e6 4. Nf3 c5 5. c3 Nc6 6. Nbd2 cxd4 7. exd4 Nh5 8.
Be3 Bd6 9. Ne5 g6 10. Bb5 O-O 11. Bxc6 bxc6 12. Nb3 Qc7 13. Nd3 f6 14. g4 Ng7
15. h3 e5 16. Qd2 e4 17. Nf4 f5 18. g5 Ne6 19. Nxe6 Bxe6 20. f4 exf3 21. O-O-O
f4 22. Bf2 Bf5 23. Nc5 Qa5 24. b3 Rae8 25. Rde1 Re2 26. Rxe2 fxe2 27. Kb2 f3
28. Nb7 Ba3+ 29. Ka1 Qb5 30. Nc5 Re8 31. h4 a5 32. Re1 Bxc5 33. dxc5 a4 34. Kb2
Ra8 35. b4 a3+ 36. Ka1 Qd3 37. Qc1 Qc2 38. Qxc2 Bxc2 39. Rc1 Bd3 40. Bg3 Kf7
0-1

[Event "BL 1819 USV TU Dresden - SG Solingen"]
[Site "?"]
[Date "2019.02.03"]
[Round "8.2"]
[White "Nisipeanu, Liviu-Dieter"]
[Black "Ragger, Markus"]
[Result "1/2-1/2"]
[WhiteElo "2680"]
[BlackElo "2687"]
[PlyCount "43"]
[EventDate "2019.??.??"]

1. e4 e5 2. Nf3 Nc6 3. Bb5 Nf6 4. O-O Nxe4 5. Re1 Nd6 6. Nxe5 Be7 7. Bf1 Nf5 8.
Nf3 O-O 9. d4 d5 10. c3 Re8 11. Nbd2 Bd6 12. g3 g6 13. Bg2 Nce7 14. Ne5 f6 15.
Nd3 c6 16. b3 Ng7 17. Nf1 b6 18. Ne3 Nef5 19. c4 Nxe3 20. Bxe3 Be6 21. Rc1 Qd7
22. cxd5 1/2-1/2

[Event "BL 1819 USV TU Dresden - SG Solingen"]
[Site "?"]
[Date "2019.02.03"]
[Round "8.3"]
[White "Van Wely, Loek"]
[Black "Bartel, Mateusz"]
[Result "1/2-1/2"]
[WhiteElo "2622"]
[BlackElo "2608"]
[PlyCount "97"]
[EventDate "2019.??.??"]

1. d4 d5 2. c4 c6 3. Nf3 Nf6 4. e3 Bf5 5. Nc3 e6 6. Nh4 Be4 7. f3 Bg6 8. Qb3
Qc7 9. Bd2 Be7 10. Nxg6 hxg6 11. Rc1 dxc4 12. Bxc4 Nbd7 13. g3 O-O 14. O-O Rad8
15. Qc2 c5 16. dxc5 Qxc5 17. Be2 Ne5 18. Rfd1 Rd7 19. Kf2 Rfd8 20. Na4 Qxc2 21.
Rxc2 Nd3+ 22. Bxd3 Rxd3 23. Ke2 Bb4 24. a3 Bxd2 25. Rcxd2 Rxd2+ 26. Rxd2 Rc8
27. Nc3 Kf8 28. e4 Ke7 29. f4 Nd7 30. h4 a6 31. e5 f6 32. exf6+ gxf6 33. Kf3 f5
34. Rd4 e5 35. Rb4 e4+ 36. Ke2 b5 37. a4 Nc5 38. axb5 Nd3 39. Rd4 axb5 40. Kd2
Nxb2 41. Nxb5 Nc4+ 42. Ke2 Na5 43. Ra4 Nb3 44. Ra7+ Ke6 45. Ra3 Nc5 46. Ke3 Rd8
47. Nd4+ Kf6 48. Rc3 Ne6 49. Nxe6 1/2-1/2

[Event "BL 1819 USV TU Dresden - SG Solingen"]
[Site "?"]
[Date "2019.02.03"]
[Round "8.4"]
[White "Neef, Maximilian"]
[Black "L'Ami, Erwin"]
[Result "0-1"]
[WhiteElo "2479"]
[BlackElo "2643"]
[PlyCount "130"]
[EventDate "2019.??.??"]

1. Nf3 d5 2. g3 Bg4 3. Bg2 Nd7 4. O-O e6 5. h3 Bh5 6. d4 Ngf6 7. c4 c6 8. cxd5
cxd5 9. Qb3 Qb6 10. Nc3 Bd6 11. Qxb6 Nxb6 12. Ne5 Bb4 13. g4 Bxc3 14. bxc3 Bg6
15. c4 Be4 16. f3 Bc2 17. Ba3 Nfd7 18. cxd5 exd5 19. Rac1 Rc8 20. Nxd7 Kxd7 21.
Bc5 Bg6 22. e4 Na4 23. exd5 b6 24. Bb4 a5 25. Bd2 Bd3 26. Rfe1 Bc4 27. f4 Nb2
28. Rc2 Nd3 29. Rb1 b5 30. Be4 Rce8 31. Bf5+ Kd6 32. a4 g6 33. axb5 gxf5 34.
Rxc4 Re2 35. Rc2 Kxd5 36. b6 Rb8 37. b7 Ke4 38. Rb3 a4 39. Rb1 a3 40. d5 fxg4
41. hxg4 Nb2 42. Ra1 Rxb7 43. Rxa3 Nd3 44. Ra1 Kf3 45. d6 Rd7 46. Ra6 Kxg4 47.
Rac6 f5 48. Ba5 Rxc2 49. Rxc2 Rxd6 50. Bc7 Ra6 51. Rd2 Ra1+ 52. Kh2 Ne1 53. Rb2
Rc1 54. Rb7 Nf3+ 55. Kg2 Rc2+ 56. Kf1 h5 57. Bb8 Nh2+ 58. Ke1 h4 59. Rg7+ Kf3
60. Rg5 Ke4 61. Rh5 Nf3+ 62. Kf1 Ra2 63. Rh7 h3 64. Rxh3 Ke3 65. Rxf3+ Kxf3 0-1